000 00490cam a22001457a 4500
008 180718b1985 xxu||||| |||| 00| 0 eng d
082 _aT000x54 K131
245 _aSeventh plan and development of weaker sections: questions, challenges and alternative
_cedited by Jose Kananaikil
260 _aDelhi
_bIndian Social Institute
_c1985
300 _a188p.
650 _aPoverty - India
650 _aEconomic planning - India
700 _aIndian Social Institute
700 _aKananaikil, Jose
999 _c347426
_d347426